Expanding anaerobic digestion plants in the UK (Record no. 108761)
[ view plain ]
| 000 -LEADER | |
|---|---|
| fixed length control field | 01717cad a22002775a 4500 |
| 001 - CONTROL NUMBER | |
| control field | L145330 |
| 008 - FIXED-LENGTH DATA ELEMENTS--GENERAL INFORMATION | |
| fixed length control field | 080929e20080925xxka f s 000 0 eng d |
| 035 ## - SYSTEM CONTROL NUMBER | |
| System control number | (Sirsi) u145330 |
| 041 0# - LANGUAGE CODE | |
| Language code of text/sound track or separate title | eng |
| 050 04 - LIBRARY OF CONGRESS CALL NUMBER | |
| Classification number | 333.72 $2 18 |
| 100 1# - MAIN ENTRY--PERSONAL NAME | |
| Personal name | Butler, Allan |
| 111 2# - MAIN ENTRY--MEETING NAME | |
| Meeting name or jurisdiction name as entry element | RICS Roots Rural Research Conference |
| Location of meeting | Trinity College, Oxford |
| Date of meeting or treaty signing | 17-18 March 2008 |
| 245 00 - TITLE STATEMENT | |
| Title | Expanding anaerobic digestion plants in the UK |
| Remainder of title | the challenges of perception and planning |
| Medium | [electronic resource] |
| 260 ## - PUBLICATION, DISTRIBUTION, ETC. | |
| Place of publication, distribution, etc. | London |
| Name of publisher, distributor, etc. | RICS |
| Date of publication, distribution, etc. | 2008 |
| 505 2# - FORMATTED CONTENTS NOTE | |
| Formatted contents note | Economic opportunities and constraints on AD plants -- Societal opportunities and constraints in expanding the number of biogas plants -- A case study of the Anglesey biogas project -- Social acceptability of CAD in the UK |
| 520 ## - SUMMARY, ETC. | |
| Summary, etc. | This conference paper looks at the expansion of anaerobic digestion (AD) plants as one strand of the UK government's energy strategy and discusses the social implications for local communities. It points out positive aspects of AD plant use, such as meeting climate change obligations and reducing the quantity of materials sent to landfill, but illustrates that a lack of public awareness has lead to negative perceptions. The authors recommend the development of methods to overcome these negative perceptions if wider use of AD plants is to be embraced. |
| 521 ## - TARGET AUDIENCE NOTE | |
| Target audience note | Advanced |
| 590 ## - LOCAL NOTE (RLIN) | |
| Local note | KA |
| 651 #4 - SUBJECT ADDED ENTRY--GEOGRAPHIC NAME | |
| Geographic name | England and Wales |
| Chronological subdivision | 1543- |
| 690 ## - LOCAL SUBJECT ADDED ENTRY--TOPICAL TERM (OCLC, RLIN) | |
| Topical term or geographic name as entry element | ENVIRONMENTAL AND LAND CONSULTANCY-ENERGY |
| 700 1# - ADDED ENTRY--PERSONAL NAME | |
| Personal name | Hobbs, Phil |
| 700 1# - ADDED ENTRY--PERSONAL NAME | |
| Personal name | Stevens, Brenda |
| 700 1# - ADDED ENTRY--PERSONAL NAME | |
| Personal name | Winter, Michael |
| 856 48 - ELECTRONIC LOCATION AND ACCESS | |
| Uniform Resource Identifier | <a href="https://archive.rics.org/site/scripts/download_info.aspx?fileID=3475&categoryID=547">https://archive.rics.org/site/scripts/download_info.aspx?fileID=3475&categoryID=547</a> |
| Public note | View the report free of charge at www.rics.org... |
| 942 ## - ADDED ENTRY ELEMENTS (KOHA) | |
| Suppress in OPAC | 0 |
| Withdrawn status | Lost status | Source of classification or shelving scheme | Damaged status | Not for loan | Home library | Current library | Shelving location | Date acquired | Total Checkouts | Full call number | Barcode | Date last seen | Copy number | Price effective from | Koha item type |
|---|---|---|---|---|---|---|---|---|---|---|---|---|---|---|---|
| Dewey Decimal Classification | Virtual | Virtual | Online | 29/09/2008 | ONLINE PUBLICATION | 145330-1001 | 06/08/2019 | 1 | 06/08/2019 | Book |